000 00352nam a2200145Ia 4500
008 230917s9999||||xx |||||||||||||| ||und||
040 _e114779
_aMAIN
041 _aEnglish
082 _a813.52 F576G
100 _aFizgerald, Scott F
245 0 _aGreat Gatsby
260 _aNew Delhi
_bAtlantic Publishers
_c1995
300 _a187p p.
942 _cBK
999 _c145787
_d145787